[Event "Madrid ch 2004 - Final"]
[Site "Madrid ESP"]
[Date "2004.03.26"]
[Round "9.2"]
[White "Martin Rueda, Daniel"]
[Black "Lopez de Turiso, Jose Angel"]
[Result "1-0"]
[WhiteElo "2274"]
[BlackElo "2149"]
[PlyCount "191"]
[EventDate "2004.03.09"]
[EventType "tourn"]
[EventRounds "11"]
[EventCountry "ESP"]
[EventCategory "2"]
[Source "lmi"]
[SourceDate "2004.03.09"]

1. d4 Nf6 2. Bg5 Ne4 3. Bf4 c5 4. f3 Qa5+ 5. c3 Nf6 6. Nd2 cxd4 7. Nb3 Qb6 8.
Qxd4 Nc6 9. Qxb6 axb6 10. Nd4 e5 11. Nxc6 dxc6 12. Bxe5 Be6 13. a3 Nd7 14. Bf4
b5 15. e4 b4 16. cxb4 Bxb4+ 17. Kf2 Bc5+ 18. Be3 Ke7 19. Rc1 Bxe3+ 20. Kxe3 Nb6
21. Bd3 Na4 22. Rc2 Rhd8 23. Ne2 Rd7 24. Nc1 Rad8 25. Rd1 f6 26. Rdd2 Rd6 27.
b3 Nb6 28. Be2 Ra8 29. Rxd6 Kxd6 30. a4 c5 31. Bb5 Rc8 32. Rc3 Nd7 33. Bxd7
Bxd7 34. Nd3 Rc6 35. Nb2 Be6 36. Nc4+ Bxc4 37. Rxc4 Rb6 38. Rc3 Rb4 39. Kd3 c4+
40. Rxc4 Rxb3+ 41. Ke2 Rb2+ 42. Kf1 Ra2 43. h4 Rb2 44. Kg1 b5 45. axb5 Rxb5 46.
Ra4 Rb7 47. Kh2 Ke6 48. Kg3 Kf7 49. h5 h6 50. Kf4 Rc7 51. Ra5 Rb7 52. g4 Rc7
53. Kf5 Rb7 54. f4 Rc7 55. Rd5 Ra7 56. e5 fxe5 57. fxe5 Ra6 58. Rd7+ Kf8 59.
Rd6 Ra4 60. Rd7 Ra6 61. Rd6 Ra4 62. Rb6 Rc4 63. Ke6 Rc8 64. Rb7 Ra8 65. Rf7+
Kg8 66. Rc7 Kf8 67. Rd7 Ra6+ 68. Kf5 Ra4 69. Rc7 Rb4 70. Ke6 Rb8 71. Ra7 Rd8
72. Rd7 Ra8 73. Kf5 Ra4 74. Rb7 Rc4 75. Ke6 Rc8 76. Rf7+ Kg8 77. Re7 Kf8 78.
Rd7 Ra8 79. Kd6 Rb8 80. e6 Ra8 81. Kc7 Ke8 82. Kb7 Ra1 83. Rxg7 Re1 84. Rg6 Re4
85. Kc6 Ke7 86. Kd5 Rf4 87. Ke5 Ra4 88. Kf5 Ra5+ 89. Kf4 Ra4+ 90. Kg3 Ra3+ 91.
Kh4 Re3 92. Rxh6 Re4 93. Rg6 Re1 94. h6 Rh1+ 95. Kg5 Ra1 96. h7 1-0

[Event "Madrid ch 2004 - Final"]
[Site "Madrid ESP"]
[Date "2004.03.26"]
[Round "9.3"]
[White "Moreno Ruiz, Javier"]
[Black "Gallardo Garcia, Andres"]
[Result "1-0"]
[WhiteElo "2455"]
[BlackElo "2297"]
[PlyCount "57"]
[EventDate "2004.03.09"]
[EventType "tourn"]
[EventRounds "11"]
[EventCountry "ESP"]
[EventCategory "2"]
[Source "lmi"]
[SourceDate "2004.03.09"]

1. e4 c5 2. Nc3 Nc6 3. g3 g6 4. Bg2 Bg7 5. d3 e6 6. Be3 b6 7. Qd2 Bb7 8. Nge2
d5 9. exd5 Nd4 10. O-O Nxe2+ 11. Qxe2 Bxc3 12. bxc3 Bxd5 13. Bxd5 Qxd5 14. c4
Qf5 15. Bd2 Ne7 16. Bc3 O-O 17. f4 h5 18. Qg2 f6 19. Rae1 Rad8 20. h3 g5 21. g4
hxg4 22. hxg4 Qh7 23. Rxe6 gxf4 24. g5 Ng6 25. gxf6 Rf7 26. Rxf4 Kh8 27. Rg4
Rg8 28. Ree4 Qh5 29. Rg5 1-0

[Event "Madrid ch 2004 - Final"]
[Site "Madrid ESP"]
[Date "2004.03.26"]
[Round "9.4"]
[White "Longa Yauca, Javier"]
[Black "Nuñez Garcia, Alberto "]
[Result "1-0"]
[WhiteElo "2353"]
[BlackElo "2205"]
[PlyCount "117"]
[EventDate "2004.03.09"]
[EventType "tourn"]
[EventRounds "11"]
[EventCountry "ESP"]
[EventCategory "2"]
[Source "lmi"]
[SourceDate "2004.03.09"]

1. d4 Nf6 2. c4 g6 3. Nc3 Bg7 4. e4 d6 5. f3 O-O 6. Be3 e5 7. Nge2 Nc6 8. Qd2
Ne8 9. d5 Ne7 10. h4 c6 11. dxc6 bxc6 12. Rd1 Be6 13. Nc1 f5 14. h5 f4 15. Bc5
Nc8 16. hxg6 hxg6 17. Ba3 Rf7 18. Be2 Bf8 19. Qc2 Qg5 20. Bf1 Nb6 21. b3 Rd8
22. Qf2 Ng7 23. Qh4 Qxh4+ 24. Rxh4 Rfd7 25. Nd3 Be7 26. Rh6 Bg5 27. Rh2 Bf6 28.
c5 dxc5 29. Nxc5 Rxd1+ 30. Nxd1 Bf7 31. Nf2 Ne6 32. Ng4 Bg7 33. Nxe6 Bxe6 34.
Nh6+ Bxh6 35. Rxh6 Kg7 36. Rh1 Nc8 37. Bb2 Kf6 38. Rh7 Rd7 39. Rxd7 Bxd7 40.
Ba3 g5 41. Bc5 g4 42. Ba6 g3 43. Kd2 Ke6 44. a3 Kf6 45. Kc3 Be6 46. Kb4 Nb6 47.
Bf1 Nc8 48. Bc4 Bd7 49. Ka5 Be8 50. Ka6 Bh5 51. Kb7 Nb6 52. Kxa7 Nxc4 53. bxc4
Bf7 54. Kb6 Bxc4 55. a4 Bf1 56. a5 Bxg2 57. a6 Bxf3 58. a7 Bxe4 59. a8=Q 1-0

[Event "Madrid ch 2004 - Final"]
[Site "Madrid ESP"]
[Date "2004.03.26"]
[Round "9.5"]
[White "Vazquez, Renier"]
[Black "Perez Gonzalez, Jose Manuel"]
[Result "1/2-1/2"]
[WhiteElo "2435"]
[BlackElo "2303"]
[PlyCount "61"]
[EventDate "2004.03.09"]
[EventType "tourn"]
[EventRounds "11"]
[EventCountry "ESP"]
[EventCategory "2"]
[Source "lmi"]
[SourceDate "2004.03.09"]

1. d4 d6 2. c4 g6 3. Nc3 Bg7 4. Nf3 Nf6 5. Bf4 O-O 6. e3 Nbd7 7. h3 b6 8. Bh2
Bb7 9. Qc2 Bxf3 10. gxf3 c5 11. d5 a6 12. a4 Rb8 13. Be2 Ne8 14. h4 Ndf6 15. f4
Nc7 16. Rd1 Qc8 17. e4 Rd8 18. h5 e6 19. hxg6 hxg6 20. e5 Nfe8 21. Bg4 Qb7 22.
Bf3 b5 23. axb5 axb5 24. Be4 exd5 25. cxd5 Na6 26. Bg3 c4 27. Bxg6 fxg6 28.
Qxg6 Nc5 29. f5 dxe5 30. Bxe5 Qe7 31. Qh7+ 1/2-1/2

[Event "Madrid ch 2004 - Final"]
[Site "Madrid ESP"]
[Date "2004.03.26"]
[Round "9.6"]
[White "Serrano Salvador, Eduardo"]
[Black "Estrada Martinez, Cesar"]
[Result "1-0"]
[WhiteElo "2241"]
[BlackElo "2184"]
[PlyCount "125"]
[EventDate "2004.03.09"]
[EventType "tourn"]
[EventRounds "11"]
[EventCountry "ESP"]
[EventCategory "2"]
[Source "lmi"]
[SourceDate "2004.03.09"]

1. d4 c5 2. d5 e5 3. e4 d6 4. Nc3 a6 5. a4 Be7 6. g3 Bg5 7. Nge2 Bg4 8. Bg2
Bxc1 9. Qxc1 Bxe2 10. Nxe2 Nf6 11. O-O O-O 12. Nc3 Nbd7 13. a5 b6 14. axb6 Nxb6
15. Re1 Ne8 16. Bf1 Nc7 17. Qe3 Qd7 18. Ra5 Rfb8 19. Rea1 Qc8 20. b3 h6 21. Bd3
Nd7 22. Qe2 Rb6 23. Na4 Rbb8 24. Nb2 Nb6 25. Bxa6 Nxa6 26. Rxa6 f5 27. f3 fxe4
28. fxe4 Kh7 29. Kg2 Qc7 30. Qg4 Rxa6 31. Rxa6 Rf8 32. Nd1 c4 33. b4 Qb7 34.
Ra3 Nd7 35. Rf3 Nf6 36. Qf5+ Kh8 37. c3 Ra8 38. g4 Qa7 39. Rh3 Rf8 40. Rf3 Qa2+
41. Nf2 Qe2 42. Qe6 Rg8 43. Qf5 Nh7 44. Qg6 Ng5 45. Qxg5 Qxf3+ 46. Kxf3 hxg5
47. Nh3 Ra8 48. Ke3 Ra2 49. Nxg5 Rc2 50. Nf7+ Kg8 51. Nxd6 Rxc3+ 52. Kd2 Rb3
53. Nxc4 Rxb4 54. Kc3 Ra4 55. Kd3 Ra2 56. h4 Rh2 57. Nxe5 Rxh4 58. d6 Rh1 59.
Kc4 Rd1 60. Kc5 Kf8 61. Kc6 Rd4 62. Kc7 Rxe4 63. Nc6 1-0

[Event "Madrid ch 2004 - Final"]
[Site "Madrid ESP"]
[Date "2004.03.30"]
[Round "10.1"]
[White "Roa Alonso, Santiago"]
[Black "Estrada Martinez, Cesar"]
[Result "1/2-1/2"]
[WhiteElo "2344"]
[BlackElo "2184"]
[PlyCount "43"]
[EventDate "2004.03.09"]
[EventType "tourn"]
[EventRounds "11"]
[EventCountry "ESP"]
[EventCategory "2"]
[Source "lmi"]
[SourceDate "2004.03.09"]

1. d4 Nf6 2. c4 c6 3. Nc3 d5 4. Nf3 Nbd7 5. cxd5 cxd5 6. Bf4 e6 7. e3 a6 8. Bd3
Be7 9. h3 b5 10. Rc1 O-O 11. O-O Bb7 12. a4 b4 13. Ne2 Rc8 14. Rxc8 Qxc8 15.
Qb1 Qa8 16. Ng3 Rc8 17. Ne5 Nf8 18. f3 Qa7 19. Ne2 Qb6 20. b3 Ng6 21. Bg5 Qd8
22. Rc1 1/2-1/2

[Event "Madrid ch 2004 - Final"]
[Site "Madrid ESP"]
[Date "2004.03.30"]
[Round "10.2"]
[White "Perez Gonzalez, Jose Manuel"]
[Black "Serrano Salvador, Eduardo"]
[Result "0-1"]
[WhiteElo "2303"]
[BlackElo "2241"]
[PlyCount "132"]
[EventDate "2004.03.09"]
[EventType "tourn"]
[EventRounds "11"]
[EventCountry "ESP"]
[EventCategory "2"]
[Source "lmi"]
[SourceDate "2004.03.09"]

1. e4 c5 2. Nf3 e6 3. d4 cxd4 4. Nxd4 Nc6 5. Nc3 Qc7 6. Be3 a6 7. Qd2 Nf6 8. f3
Bb4 9. O-O-O Ne5 10. Nb3 d5 11. Bd4 O-O 12. Qg5 Bd6 13. exd5 Nxf3 14. Qxf6 gxf6
15. gxf3 Be5 16. d6 Qc6 17. Ne4 Bf4+ 18. Kb1 e5 19. Na5 Qa4 20. Bc3 Be6 21. b3
Qa3 22. Bh3 Rac8 23. d7 Bxd7 24. Rxd7 Rxc3 25. Nxc3 Qxa5 26. Nd5 Bg5 27. Bf5
Kh8 28. h4 Bd2 29. Rd1 Bc3 30. Nxc3 Qxc3 31. R1d3 Qe1+ 32. Kb2 Qxh4 33. Rxb7
Qf4 34. Be4 f5 35. Bd5 e4 36. Rd4 Qe5 37. c3 e3 38. f4 Qe8 39. Rd1 e2 40. Re1
Qe3 41. Kc2 Rd8 42. c4 Qf2 43. Kd2 Qxf4+ 44. Kc2 Qe3 45. Rxf7 f4 46. Rh1 e1=N+
47. Kb2 Qe5+ 48. Kb1 Rxd5 49. Rhxh7+ Kg8 50. cxd5 Qe4+ 51. Kb2 Qd4+ 52. Kb1
Qd3+ 53. Kb2 Qc2+ 54. Ka3 Qxh7 55. Rxh7 Kxh7 56. d6 Nc2+ 57. Kb2 Nd4 58. d7 Nc6
59. Kc3 Kg6 60. Kd3 Kf5 61. Ke2 Ke4 62. b4 Nd8 63. a4 Kd4 64. Kf3 Kc4 65. b5 a5
66. Kxf4 Kb4 0-1

[Event "Madrid ch 2004 - Final"]
[Site "Madrid ESP"]
[Date "2004.03.30"]
[Round "10.3"]
[White "Nuñez Garcia, Alberto "]
[Black "Vazquez, Renier"]
[Result "0-1"]
[WhiteElo "2205"]
[BlackElo "2435"]
[PlyCount "60"]
[EventDate "2004.03.09"]
[EventType "tourn"]
[EventRounds "11"]
[EventCountry "ESP"]
[EventCategory "2"]
[Source "lmi"]
[SourceDate "2004.03.09"]

1. e4 c5 2. Nf3 d6 3. d4 cxd4 4. Nxd4 Nf6 5. Nc3 a6 6. Bc4 e6 7. Bb3 b5 8. O-O
Bb7 9. Bg5 b4 10. Nce2 Qa5 11. Bxf6 gxf6 12. a3 Be7 13. axb4 Qxb4 14. c3 Qb6
15. Nf4 Nc6 16. Ndxe6 fxe6 17. Qh5+ Kd8 18. Bxe6 Ne5 19. Bf5 Kc7 20. Ne6+ Kb8
21. Kh1 Ka7 22. Nd4 d5 23. Qe2 Bc5 24. b4 Bxd4 25. cxd4 Qxd4 26. b5 dxe4 27.
bxa6 Bc6 28. Qa2 Rab8 29. Rad1 Nd3 30. Qa5 Nxf2+ 0-1

[Event "Madrid ch 2004 - Final"]
[Site "Madrid ESP"]
[Date "2004.03.30"]
[Round "10.4"]
[White "Gallardo Garcia, Andres"]
[Black "Longa Yauca, Javier"]
[Result "0-1"]
[WhiteElo "2297"]
[BlackElo "2353"]
[PlyCount "100"]
[EventDate "2004.03.09"]
[EventType "tourn"]
[EventRounds "11"]
[EventCountry "ESP"]
[EventCategory "2"]
[Source "lmi"]
[SourceDate "2004.03.09"]

1. e4 e5 2. Nf3 Nc6 3. Bb5 a6 4. Bxc6 dxc6 5. O-O f6 6. d4 exd4 7. Nxd4 c5 8.
Nb3 Qxd1 9. Rxd1 Bd6 10. Na5 b5 11. c4 Bd7 12. Nb7 Be7 13. Be3 Bc6 14. Nxc5
Bxc5 15. Bxc5 Bxe4 16. Nc3 Bc6 17. Rd4 h5 18. Re1+ Kf7 19. Nd5 Bxd5 20. Rxd5
Kg6 21. Rd7 Nh6 22. f3 Rhd8 23. Red1 Rxd7 24. Rxd7 bxc4 25. Rxc7 Rd8 26. Bb4
Rd1+ 27. Kf2 Rc1 28. Bc3 Rc2+ 29. Kg1 Nf5 30. Rxc4 Ne3 31. Re4 Rxg2+ 32. Kh1
Re2 33. Kg1 f5 34. Re7 Kg5 35. Rxg7+ Kf4 36. Rg3 h4 37. Rh3 Kg5 38. Ba5 Rg2+
39. Kh1 Rxb2 40. f4+ Kxf4 41. Bc7+ Ke4 42. Rxh4+ Kd3 43. h3 Rxa2 44. Be5 a5 45.
Rf4 Rc2 46. Rd4+ Ke2 47. Bf4 Ra2 48. h4 Kf3 49. Bc7 Ra1+ 50. Kh2 Ng4+ 0-1

[Event "Madrid ch 2004 - Final"]
[Site "Madrid ESP"]
[Date "2004.03.30"]
[Round "10.5"]
[White "Lopez de Turiso, Jose Angel"]
[Black "Moreno Ruiz, Javier"]
[Result "1/2-1/2"]
[WhiteElo "2149"]
[BlackElo "2455"]
[PlyCount "93"]
[EventDate "2004.03.09"]
[EventType "tourn"]
[EventRounds "11"]
[EventCountry "ESP"]
[EventCategory "2"]
[Source "lmi"]
[SourceDate "2004.03.09"]

1. e4 c5 2. Nf3 Nc6 3. c3 Nf6 4. e5 Nd5 5. g3 g6 6. Bg2 Bg7 7. O-O O-O 8. Re1
d6 9. exd6 Qxd6 10. Na3 Qd8 11. Nc2 Bf5 12. d4 Bxc2 13. Qxc2 cxd4 14. Nxd4 Nxd4
15. cxd4 e6 16. Be3 Qd7 17. Rac1 Rac8 18. Qb3 h5 19. Rc5 b6 20. Qb5 Qd6 21. Rc4
Rxc4 22. Qxc4 Qd7 23. Rc1 Nxe3 24. fxe3 Bh6 25. Qc3 Qe7 26. Kf2 h4 27. Qc7 Qg5
28. Qc3 Ra8 29. Rc2 hxg3+ 30. hxg3 Bf8 31. Qc6 Rd8 32. Qf3 Bd6 33. Bh3 Kg7 34.
Qg4 Qd5 35. b3 Qh1 36. Bg2 Qb1 37. Qe2 Rh8 38. Rc6 Bb4 39. d5 exd5 40. Bxd5
Rh2+ 41. Bg2 Be1+ 42. Kg1 Bxg3+ 43. Qf1 Qxa2 44. Qf6+ Kh6 45. Qh8+ Kg5 46. Qf6+
Kh6 47. Qh8+ 1/2-1/2

[Event "Madrid ch 2004 - Final"]
[Site "Madrid ESP"]
[Date "2004.03.30"]
[Round "10.6"]
[White "Rodriguez Gonzalez, Javier"]
[Black "Martin Rueda, Daniel"]
[Result "1/2-1/2"]
[WhiteElo "2252"]
[BlackElo "2274"]
[PlyCount "43"]
[EventDate "2004.03.09"]
[EventType "tourn"]
[EventRounds "11"]
[EventCountry "ESP"]
[EventCategory "2"]
[Source "lmi"]
[SourceDate "2004.03.09"]

1. e4 e6 2. d4 d5 3. Nd2 c5 4. Ngf3 cxd4 5. exd5 Qxd5 6. Bc4 Qd6 7. O-O Nf6 8.
Nb3 Nc6 9. Nbxd4 Nxd4 10. Qxd4 a6 11. Bf4 Qxd4 12. Nxd4 Bd7 13. Rad1 Rc8 14.
Bb3 Bc5 15. Nf3 Ke7 16. Ne5 Rhd8 17. Nxd7 Rxd7 18. Rxd7+ Nxd7 19. Rd1 Rc6 20.
Kf1 Bd6 21. Be3 Nc5 22. Bxc5 1/2-1/2

[Event "Madrid ch 2004 - Final"]
[Site "Madrid ESP"]
[Date "2004.03.31"]
[Round "11.1"]
[White "Martin Rueda, Daniel"]
[Black "Roa Alonso, Santiago"]
[Result "1/2-1/2"]
[WhiteElo "2274"]
[BlackElo "2344"]
[PlyCount "31"]
[EventDate "2004.03.09"]
[EventType "tourn"]
[EventRounds "11"]
[EventCountry "ESP"]
[EventCategory "2"]
[Source "lmi"]
[SourceDate "2004.03.09"]

1. e4 e5 2. Nf3 Nc6 3. Bb5 a6 4. Ba4 Nf6 5. O-O Nxe4 6. d4 b5 7. Bb3 d5 8. dxe5
Be6 9. Qe2 Be7 10. Rd1 O-O 11. c4 bxc4 12. Bxc4 Bc5 13. Be3 Bxe3 14. Qxe3 Qb8
15. Bb3 Na5 16. Nbd2 1/2-1/2

[Event "Madrid ch 2004 - Final"]
[Site "Madrid ESP"]
[Date "2004.03.31"]
[Round "11.2"]
[White "Moreno Ruiz, Javier"]
[Black "Rodriguez Gonzalez, Javier"]
[Result "1-0"]
[WhiteElo "2455"]
[BlackElo "2252"]
[PlyCount "71"]
[EventDate "2004.03.09"]
[EventType "tourn"]
[EventRounds "11"]
[EventCountry "ESP"]
[EventCategory "2"]
[Source "lmi"]
[SourceDate "2004.03.09"]

1. d4 e6 2. c4 d5 3. Nc3 Nf6 4. cxd5 exd5 5. Bg5 Be7 6. e3 O-O 7. Bd3 Nbd7 8.
Nge2 Re8 9. Qc2 Nf8 10. O-O g6 11. Rad1 Ne6 12. Bh4 Ng7 13. f3 Be6 14. Kh1 Nd7
15. Bf2 c6 16. Nf4 Bd6 17. Nxe6 Nxe6 18. Rfe1 Qg5 19. Bf1 Qh5 20. h3 Bc7 21. e4
Nf4 22. e5 f6 23. Be3 fxe5 24. Bxf4 exf4 25. Nxd5 Bd6 26. Nc3 Kg7 27. d5 Rxe1
28. Rxe1 cxd5 29. Nb5 Bc5 30. b4 Qh4 31. Qc3+ d4 32. Nxd4 Bxd4 33. Qxd4+ Nf6
34. Re7+ Kh6 35. g3 Qg5 36. h4 1-0

[Event "Madrid ch 2004 - Final"]
[Site "Madrid ESP"]
[Date "2004.03.31"]
[Round "11.3"]
[White "Longa Yauca, Javier"]
[Black "Lopez de Turiso, Jose Angel"]
[Result "1/2-1/2"]
[WhiteElo "2353"]
[BlackElo "2149"]
[PlyCount "128"]
[EventDate "2004.03.09"]
[EventType "tourn"]
[EventRounds "11"]
[EventCountry "ESP"]
[EventCategory "2"]
[Source "lmi"]
[SourceDate "2004.03.09"]

1. d4 f5 2. e4 fxe4 3. Nc3 Nf6 4. Bg5 Nc6 5. d5 Ne5 6. Qd4 Nf7 7. h4 c6 8.
O-O-O Qb6 9. Bxf6 gxf6 10. Qxe4 Qxf2 11. Nf3 Bh6+ 12. Kb1 Qe3 13. Qa4 Qf4 14.
Qa3 a5 15. Qc5 Qb4 16. Qf2 a4 17. a3 Qf4 18. Re1 Ne5 19. d6 e6 20. Re4 Qf5 21.
Be2 Rg8 22. Qb6 Rxg2 23. Nxe5 fxe5 24. Rf1 Bf4 25. Bd3 Qf6 26. h5 Qd8 27. Qxd8+
Kxd8 28. Rxe5 Bh6 29. Rf7 b6 30. Rxh7 Bg7 31. Re2 Rxe2 32. Nxe2 Be5 33. h6 Bxd6
34. Nd4 Ra5 35. Nf3 Rh5 36. Rh8+ Kc7 37. h7 Be7 38. Rg8 Bf6 39. Ng5 Rh1+ 40.
Ka2 d5 41. Rf8 Bxg5 42. h8=Q Rxh8 43. Rxh8 Bd7 44. Ra8 c5 45. Rg8 Bd2 46. c4
dxc4 47. Bxc4 Kc6 48. Rg7 Kd6 49. Rg3 Bf4 50. Rd3+ Kc7 51. Rd1 Bg3 52. Rg1 Bf2
53. Rg5 Bd4 54. b3 b5 55. Be2 axb3+ 56. Kxb3 Bc6 57. Kc2 Kb6 58. Bg4 Bd5 59.
Bxe6 Be4+ 60. Kb3 Ka5 61. Bg8 Bf3 62. Ka2 Ka4 63. Rg6 Ka5 64. Be6 Be2 1/2-1/2

[Event "Madrid ch 2004 - Final"]
[Site "Madrid ESP"]
[Date "2004.03.31"]
[Round "11.5"]
[White "Serrano Salvador, Eduardo"]
[Black "Nuñez Garcia, Alberto "]
[Result "0-1"]
[WhiteElo "2241"]
[BlackElo "2205"]
[PlyCount "84"]
[EventDate "2004.03.09"]
[EventType "tourn"]
[EventRounds "11"]
[EventCountry "ESP"]
[EventCategory "2"]
[Source "lmi"]
[SourceDate "2004.03.09"]

1. d4 Nf6 2. Nf3 g6 3. c4 Bg7 4. g3 O-O 5. Bg2 d6 6. Nc3 c6 7. O-O Na6 8. h3
Qb6 9. b3 e5 10. Be3 e4 11. Nd2 d5 12. a3 h6 13. b4 Qd8 14. b5 Nc7 15. bxc6
bxc6 16. f3 Nh5 17. g4 exf3 18. Nxf3 Ng3 19. Re1 Ne6 20. Bf2 Ne4 21. Nxe4 dxe4
22. Ne5 Nf4 23. Nxc6 Qe8 24. d5 Nxg2 25. Kxg2 e3 26. Bg3 Qe4+ 27. Kh2 f5 28.
Qb1 Qxc4 29. gxf5 Bxf5 30. Qa2 Qe4 31. Rac1 Kh7 32. Qb3 Bd7 33. Qd3 Qe8 34. Rg1
Rc8 35. Nxa7 Rf2+ 36. Bxf2 exf2 37. Rxg6 Rxc1 38. Rg1+ Kh8 39. Rxc1 Qe5+ 40.
Qg3 Qxe2 41. Qg2 Be5+ 42. Kh1 Bxh3 0-1

[Event "Madrid ch 2004 - Final"]
[Site "Madrid ESP"]
[Date "2004.03.31"]
[Round "11.6"]
[White "Estrada Martinez, Cesar"]
[Black "Perez Gonzalez, Jose Manuel"]
[Result "1/2-1/2"]
[WhiteElo "2184"]
[BlackElo "2303"]
[PlyCount "32"]
[EventDate "2004.03.09"]
[EventType "tourn"]
[EventRounds "11"]
[EventCountry "ESP"]
[EventCategory "2"]
[Source "lmi"]
[SourceDate "2004.03.09"]

1. c4 g6 2. Nf3 Bg7 3. d4 d6 4. Bf4 Nd7 5. e3 e5 6. Bg3 Ne7 7. Nc3 Nf5 8. dxe5
Nxg3 9. hxg3 Nxe5 10. Nxe5 Bxe5 11. Qd2 O-O 12. Be2 Be6 13. O-O Bg7 14. Rad1
Re8 15. Nd5 Bxd5 16. cxd5 Qf6 1/2-1/2